World Capitals Containing the Letter M - Statistics

General Stats
  • This quiz has been taken 5,921 times
  • The average score is 41 of 51
Answer Stats
Continent Country % Correct
Europe Madrid
94%
North America Mexico City
93%
South America Montevideo
92%
Europe Moscow
92%
Europe Amsterdam
91%
Europe Minsk
90%
Europe Monaco
90%
Africa Maputo
89%
Asia Manila
88%
Africa Mogadishu
88%
North America Managua
87%
Asia Muscat
87%
Asia Male
86%
Oceania Majuro
85%
Asia Manama
85%
South America Lima
84%
Africa Maseru
84%
Africa Malabo
83%
Africa Monrovia
83%
Oceania Port Moresby
83%
Europe San Marino
83%
Asia Amman
81%
Asia Islamabad
81%
North America Panama City
81%
South America Paramaribo
81%
Europe Stockholm
81%
Asia Jerusalem
80%
Africa Mbabane
80%
Africa Moroni
80%
Europe Rome
80%
Africa Bamako
79%
North America Belmopan
79%
North America Guatemala City
79%
Africa Khartoum
79%
Africa Lomé
78%
Africa Kampala
77%
Asia Kathmandu
77%
Europe Luxembourg
77%
Asia Phnom Penh
77%
Asia Kuala Lumpur
74%
North America Santo Domingo
73%
Asia Damascus
71%
Asia Thimphu
70%
Africa Bloemfontein
68%
Africa Yamoussoukro
68%
Africa Sao Tome
67%
Africa Niamey
66%
Oceania Ngerulmud
64%
Africa Asmara
63%
Africa Dodoma
63%
Africa N'djamena
60%
No matching quizzes found
Score Distribution
Percent of People with Each Score
Percentile by Number Answered
Your Score History
You have not taken this quiz